Quizzes
Events
Quiz Creation
Community
Videos
Private Events
Remove Ads
Sign In
Join for FREE
Feedback
Dark Mode
Quiz Categories
Sports
Geography
Music
Movies
Television
Just For Fun
Miscellaneous
History
Literature
Language
Science
Gaming
Entertainment
Religion
Holiday
For Kids
Quiz Lab
Recent
Popular Today
Quiz Kudos Today
Editor Picks
Curator Picks
Quizzes by...
Day
Popularity
Type
Ratings
Length
Year
Community
Subscriptions
Recent Discussions
Orange Saloon
Badges
Playlists
Quests
Create
Leaderboards
Showdown
Live 5
Trivia Bingo
Activity
Puzzle Library
Sporcle Events
Private Events
Virtual Trivia
Globe League
Become a Host
Pub Owners
SporcleCon
Opinionation
Our Games
Videos
Blog
Mobile Apps
Partnerships
Remove Ads and Go Orange
Feedback
Television
TV Characters
TV Show
Sitcom
Network
Friends
Reality Shows
Cast
South Park
Star Trek
The Simpsons
Doctor Who
Television
TV Characters
TV Show
Sitcom
Network
Friends
Reality Shows
Cast
South Park
Star Trek
The Simpsons
Doctor Who
Random Quiz
Search Sporcle
×
Quiz Lab
Quiz Lab
Television
millionaire
Type in answers that appear in a list
Type in answers that appear in a list
Classic
Best Score? Go Orange.
Friends Who Wants to be a Millionaire Stats
Can you name the Friends Who Wants to be a Millionaire?
By
rockulikeacane
3m
17 Questions
16.1K Plays
16,084 Plays
16,084 Plays
Comments
Comments
Give Quiz Kudos
Give Quiz Kudos
-
- Ratings
hide this ad
No Skip
Answers have to be entered in order without skipping
Answers have to be entered in order without skipping
Replay
Link that replays current quiz
Next Quiz
Link to next quiz in quiz playlist
You Got
0%
They Got
Avg Score
59%
Avg Friend Score
Upgrade to see
Score Distribution
Jump to the score distribution portion of the page
Score
0/17
Timer
03:00
0
Plays Today
Money
Answer
% Correct
?
???
100%
?
???
98.7%
?
???
95.1%
?
???
91.3%
?
???
87.4%
?
???
87.3%
?
???
81.1%
?
???
64.7%
?
???
50.5%
Money
Answer
% Correct
?
???
50.4%
?
???
47.8%
?
???
43.8%
?
???
39.8%
?
???
25%
?
???
20.7%
?
???
13.4%
?
???
7.1%
Quiz Playlist
Details
Report
Send in Message
Add To Playlist
Classic:
Type in answers that appear in a list
No Skip:
Answers have to be entered in order without skipping
Last Updated: Feb 16, 2017
Quiz Scoreboard
CHALLENGE
Sign Up to Join the Scoreboard
Show All
Scores
Hide
Comments
May contain spoilers
Recently Published
An Introduction to Baseball
by treessimontrees
Sports
5m
Movies - When Are They Set?
by FPL_Elf
Movies
5m
Popular People in 1961
by mucciniale
History
6m
More to Explore
Quiz From the Vault
Featured Blog Post
Where Did the Easter Bunny Come From?
hide this ad
You Might Also Like...
Tags
millionaire
Money
Today's Top Quizzes in Television
Browse Television
hide this ad
Today's Top Quizzes in millionaire
Browse millionaire
Top Contributed Quizzes in Television
1
One Piece Logic Puzzle
2
Survivor Logic Puzzle: Heroes vs. Villains
3
5-to-1: The Simpsons Families
4
Survivor Seasons
5
Survivor Season by Logo
6
5-to-1: Television Doctors
7
7-to-1: TV Show Settings
8
One Thing in Common: Television
9
Survivor Trivia
10
5-to-1: Streaming Originals
Explore More
Trending Topics
Kpop
Marvel
Crossword
NBA
Harry Potter
Anime
Disney
Country
The Office
WWE
Pokémon
Song
Soccer
Puzzle
NFL
hide this ad
More By:
rockulikeacane
Quiz
Plays
Rating
Category
Featured
Created
Friends Who Wants to be a Millionaire
16,084
3.50
Television
Apr 29, 2010
Friends, Scrubs, & Cougar Town Trivia
15,442
2.36
Television
Apr 13, 2012
Full House Trivia
12,714
3.82
Television
Dec 16, 2009
Full House Quotes
7,126
4.80
Television
Jan 20, 2011
F.R.I.E.N.D.S Chandler
5,294
3.04
Television
Dec 16, 2009
Go to Creator's Profile
Score Distribution
Quiz Creator Spotlight
rockulikeacane
Follow
Send a Message
Quizzes Created
-
Created Quiz Play Count
-
More By This Creator
Popular Quizzes Today
1
Find the Countries of Europe - No Outlines Minefield
2
Find the US States - No Outlines Minefield
3
The Countries of the World
4
Popular People in 1961
5
Find the US States
6
US States
7
1-10 Letter E Words III
8
Risky Map Clicking: Biggest States A-Z
More Television Quizzes
The Wire: Who Died First?
Quiz Lab
Trending Quizzes
Risky Map Clicking: Least Populous States A-Z
1-10 Letter F Words
1-10 Letter G Words
Not Quite an Element Typing Challenge
One Thing in Common: United Kingdom
Recently Updated
Leaping Animals
pecheneg
Reality TV Shows (A-Z)
bhenderson79
Rickey Henderson's Hall of Fame Teammates
pecheneg
Champions League XIs: Arsenal
pecheneg
Quick Pick: Celebrities in WWE's Hall of Fame
aduchscher
A-Z Keypad Blitz II
pecheneg
Multiple Oscar Actors
pecheneg
Mystery Phrase Blitz: Oscar 'Best Actors'
pecheneg
F. Scott Fitzgerald Novels
LTH
Pick 3 Villains
ddd62291
Trending Topics
Harry Potter
Marvel
Anime
Kpop
Crossword
Disney
NBA
Pokémon
Puzzle
Country
WWE
NFL
Soccer
The Office
Song
Your Account Isn't Verified!
In order to create a playlist on Sporcle, you need to verify the email address you used during registration. Go to your
Sporcle Settings
to finish the process.
Report this User
Report this user for behavior that violates our
Community Guidelines
.
Details:
Send Report
Go to the Sporcle.com Mobile Site →
Comments